00457 2200181 4500001002100000005001500021035002000036008004100056245004000097100001900137260003200156300001300188084001700201082000800218650001300226020001800239990001800257INLIS00000000000039020240813102551 a0010-0724000390240813 0 ind 1 aNero 6.3 /cDr. Sumarna Surapranata aStowell, Louie aPalembang :bMaxicom,c2005 a108 hlm. a006.78 BAG n a006 4aKomputer a979-692-348-3 aP29/CP/24/390